| 000 | 00952nam a22003137a 4500 | ||
|---|---|---|---|
| 003 | CHAP | ||
| 005 | 20220329140958.0 | ||
| 008 | 971013s1931 r 00010 d | ||
| 010 | _a60820 | ||
| 011 | _a61792 | ||
| 035 | _a65960 | ||
| 040 | _cCHAP | ||
| 082 |
_a591 _bC45 1931 |
||
| 100 | 0 | 0 |
_aCendrero Curiel, Orestes. _920956 |
| 245 | _aZoología | ||
| 250 | _a6 ed. | ||
| 260 |
_aSantander : _bAldus, _c1931 |
||
| 300 |
_a334 p. _b: ilus. |
||
| 590 |
_aBATCH-UPD _b10 _c20130110 _lUCH01 _h1541 |
||
| 590 |
_aBATCH-UPD _b10 _c20130410 _lUCH01 _h0943 |
||
| 590 |
_aBATCH-UPD _b10 _c20130914 _lUCH01 _h0908 |
||
| 590 |
_aCONVERSION _b10 _c20130109 _lUCH01 _h1333 |
||
| 650 | 1 | 4 |
_aZoología. _9124151 |
| 901 | _aBK | ||
| 942 | _cLIBRO | ||
| 949 |
_a591 C45 1931 _bBC _cBPP _d-150855 _eBPP _fc.8 _h29292 _i65960 _si |
||
| 949 |
_a591 C45 1931 _bBC _cLIBRO _d-150853 _eLIBRO _h29285 _i65960 _si |
||
| 949 |
_a591 C45 1931 _bBC _cMUT _d-150854 _eMUT _fc.5 _h29289 _i65960 _si |
||
| 999 |
_c60820 _d60820 |
||